Discrete Mathematics (Record no. 7583)

MARC details
000 -LEADER
fixed length control field 00302nam a2200133Ia 4500
008 - FIXED-LENGTH DATA ELEMENTS--GENERAL INFORMATION
fixed length control field 191201s2012 xx 000 0 und d
100 ## - MAIN ENTRY--PERSONAL NAME
Personal name LIPSCHUTZ, Seymour
245 #0 - TITLE STATEMENT
Title Discrete Mathematics
250 ## - EDITION STATEMENT
Edition statement Rep
260 ## - PUBLICATION, DISTRIBUTION, ETC. (IMPRINT)
Date of publication, distribution, etc 2012
Name of publisher, distributor, etc TMH
Place of publication, distribution, etc N. delhi
300 ## - PHYSICAL DESCRIPTION
Extent MISC
650 ## - SUBJECT ADDED ENTRY--TOPICAL TERM
Topical term or geographic name as entry element MCA
942 ## - ADDED ENTRY ELEMENTS (KOHA)
Source of classification or shelving scheme Dewey Decimal Classification
Koha item type Book Bank
942 ## - ADDED ENTRY ELEMENTS (KOHA)
-- 1
Holdings
Withdrawn status Lost status Source of classification or shelving scheme Damaged status Not for loan Collection code Home library Current library Date acquired Source of acquisition Cost, normal purchase price Bill Number Total Checkouts Full call number Acc. no. / Barcode Checked out Date last seen Date last borrowed Actual Cost, discounted price Bill Date Koha item type Public note Currency
    Dewey Decimal Classification     BCA PIET C-LIBRARY PIET C-LIBRARY 30/06/2020 IBH, New Delhi 425.00 IN1237(2011-10-01) 4 510 LID BC1478 18/06/2026 04/06/2026 04/06/2026 255.37 30/06/2020 Text Books Transfer BooK Bank to Main  
    Dewey Decimal Classification     BCA PIET C-LIBRARY PIET C-LIBRARY 30/06/2020 IBH, New Delhi 425.00 IN1237(2011-10-01) 4 510 LID BC1479 03/06/2026 20/05/2026 20/05/2026 255.37 30/06/2020 Text Books Transfer BooK Bank to Main  
    Dewey Decimal Classification     BCA PIET C-LIBRARY PIET C-LIBRARY 30/06/2020 IBH, New Delhi 425.00 IN 4260 (2010-09-25) 3 510 LID BC1480   13/06/2024 07/06/2024 229.81 30/06/2020 Text Books Transfer BooK Bank to Main  
    Dewey Decimal Classification     BCA PIET C-LIBRARY PIET C-LIBRARY 30/06/2020 IBH, New Delhi 425.00 IN 2940 (2010-08-16) 2 510 LID BC1481   26/06/2023 07/06/2023 228.65 30/06/2020 Text Books Transfer BooK Bank to Main  
    Dewey Decimal Classification     BCA PIET C-LIBRARY PIET C-LIBRARY 19/10/2012 IBH, New Delhi 425.00 14197 1 510 LID BC1482   08/05/2023 29/04/2023   19/10/2012 Text Books    
    Dewey Decimal Classification     MCA PIET C-LIBRARY PIET C-LIBRARY 30/01/2021 IBH 425.00 14197 1 510 LID BB9839 03/12/2021 19/11/2021 19/11/2021   19/10/2012 Book Bank   Indian Rup

Design & Developed by: PIET Central Library
R70 Miles Stone Pattikalyana Samalkha Panipat 132102
mail ID :- [email protected], Phone No:- 0180-2569700 Ex.216